Mám, máme, máš

Bibliographic Details
Main Author: Ondrejka, Kliment, 1959- (Author)
Format: Article
Language:Slovak
PhysicalDescription:Obr. 1.
Subjects:

MARC

LEADER 00000nab a2200000 a 4500
001 vtls000423920
003 SK-MaSNL
005 20260303182632.0
008 120925c1991 xo 0 slo
015 |a SNBRB19rr/mm-uuuuu 
035 |a CL0424048 
040 |a SNKBUCL  |b slo  |c SNKBUCL  |e AACR2 
041 0 |a slo 
044 |a xo  |c SK 
080 |a 885.4-1  |2 1981 
080 |a 784.66  |2 1981 
100 1 |a Ondrejka, Kliment,  |d 1959-  |4 aut  |9 172622 
245 1 0 |a Mám, máme, máš  |c Kliment Ondrejka ml. 
300 |b Obr. 1. 
500 |a Noty. 
650 0 7 |a populárne piesne  |2 snkbucl  |9 3446 
655 7 |a články z novín a časopisov  |2 snkbucl  |9 267496 
655 7 |a články z odboru literárna veda a krásna literatúra  |2 snkbucl  |9 770045 
773 0 |t Rozhlas a televízia  |g Roč. 52, č. 25 (1991), s. /32/ 
850 |a Slovenská národná knižnica v Martine  |a MTA001 
852 |a SNK  |b KIS3GCP 
958 |a RK 
958 |a LX 
992 |a RBX 
999 |c 2117740  |d 2119670